Quizzes
Events
Quiz Creation
Community
Videos
Private Events
Remove Ads
Sign In
Join for FREE
Feedback
Dark Mode
Quiz Categories
Sports
Geography
Music
Movies
Television
Just For Fun
Miscellaneous
History
Literature
Language
Science
Gaming
Entertainment
Religion
Holiday
For Kids
Quiz Lab
Recent
Popular Today
Quiz Kudos Today
Editor Picks
Curator Picks
Quizzes by...
Day
Popularity
Type
Ratings
Length
Year
Community
Subscriptions
Recent Discussions
Orange Saloon
Badges
Playlists
Quests
Create
Leaderboards
Showdown
Live 5
Trivia Bingo
Activity
Puzzle Library
Sporcle Events
Private Events
Virtual Trivia
Globe League
Become a Host
Pub Owners
SporcleCon
Opinionation
Our Games
Videos
Blog
Mobile Apps
Partnerships
Remove Ads and Go Orange
Feedback
Music
Pop Music
The Beatles
Song
Album
Lyrics
Bands
Singers
Artist
Clip
Rock
Rap
Classical
Billboard
Country Music
Kpop
Taylor Swift
Music
Pop Music
The Beatles
Song
Album
Lyrics
Bands
Singers
Artist
Clip
Rock
Rap
Classical
Billboard
Country Music
Kpop
Taylor Swift
Random Quiz
Search Sporcle
×
Quiz Lab
Quiz Lab
Music
Song
Type in answers that appear in a list
Type in answers that appear in a list
Classic
Best Score? Go Orange.
70s Lyrics - Hits of '75 Stats
Can you name the 1975 Hit by its Lyrics?
By
AshtonCinder
14m
48 Questions
346 Plays
346 Plays
346 Plays
Comments
Comments
Give Quiz Kudos
Give Quiz Kudos
-
- Ratings
hide this ad
More Info
Random Order
Randomize order of answers
Randomize order of answers
Replay
Link that replays current quiz
Next Quiz
Link to next quiz in quiz playlist
You Got
0%
They Got
Avg Score
65%
Avg Friend Score
Upgrade to see
Score Distribution
Jump to the score distribution portion of the page
Score
0/48
Timer
14:00
0
Plays Today
Artist
Song Title
% Correct
Barry Manilow
Mandy
88.7%
KC and the Sunshine Band
Get Down Tonight
86.7%
Harry Chapin
Cat's in the Cradle
86.4%
Glen Campbell
Rhinestone Cowboy
85.8%
Styx
Lady
85.5%
Carl Douglas
Kung Fu Fighting
84.7%
Minnie Riperton
Lovin' You
84.1%
Bachman–Turner Overdrive
You Ain't Seen Nothing Yet
83.2%
Queen
Killer Queen
83.2%
Labelle
Lady Marmalade
81.2%
Eagles
One of These Nights
78.9%
Sweet
The Ballroom Blitz
78.9%
Frankie Valli
My Eyes Adored You
77.2%
James Taylor
How Sweet It Is (To Be Loved by You)
77.2%
Joe Cocker
You Are So Beautiful
76.6%
10cc
I'm Not in Love
73.4%
John Denver
Thank God I'm a Country Boy
73.1%
Captain & Tennille
Love Will Keep Us Together
72.8%
The Three Degrees
When Will I See You Again
72.3%
Linda Ronstadt
You're No Good
70.2%
The Doobie Brothers
Black Water
69.7%
Olivia Newton-
John
Have You Never Been Mellow
68.8%
Janis Ian
At Seventeen
68.2%
Pilot
Magic
68.2%
Artist
Song Title
% Correct
Billy Swan
I Can Help
67.1%
Elton John
Someone Saved My Life Tonight
67.1%
Bad Company
Feel Like Makin' Love
66.8%
Neil Sedaka
Laughter in the Rain
65.6%
Elton John
Philadelphia Freedom
64.2%
Grand Funk Railroad
Some Kind of Wonderful
63.9%
Eagles
Best of My Love
63%
Orleans
Dance With Me
62.7%
Ace
How Long?
60.7%
Earth, Wind & Fire
Shining Star
58.4%
Ozark Mountain Daredevils
Jackie Blue
54.6%
David Bowie
Fame
53.2%
Jethro Tull
Bungle in the Jungle
52%
America
Lonely People
50%
Helen Reddy
Angie Baby
49.1%
Leo Sayer
Long Tall Glasses
46%
Bee Gees
Jive Talkin'
45.1%
Sammy Johns
Chevy Van
43.6%
War
Why Can't We Be Friends
43.4%
Barry White
You're the First, the Last, My Everything
41.9%
Alice Cooper
Only Women Bleed
41.3%
Ohio Players
Fire
39.3%
Paul McCartney & Wings
Junior's Farm
34.1%
Electric Light Orchestra
Can't Get It Out of My Head
31.2%
Quiz Playlist
Details
Report
Send in Message
Add To Playlist
More Info:
All of these songs were drawn from the Top 100 Singles of 1975. "..." Means the song title is adjacent to the lyrics posted.
Classic:
Type in answers that appear in a list
Random Order:
Randomize order of answers
Quiz Source
Last Updated: Feb 16, 2017
Quiz Scoreboard
CHALLENGE
Sign Up to Join the Scoreboard
Show All
Scores
Hide
Comments
May contain spoilers
Recently Published
College Basketball Coaching Resumes
by pancakes188
Sports
9m
Billboard Blitz: Fleetwood Mac
by CooCooCachoo
Music
15s
Presidents Visiting Landmarks
by Hejman
History
7m
More to Explore
Quiz From the Vault
Featured Blog Post
Where Did the Easter Bunny Come From?
hide this ad
You Might Also Like...
Tags
Artist Quiz
Bands Quiz
Lyrics Quiz
Song Quiz
1970s
1975
70s Songs
hit
hot
Today's Top Quizzes in Music
Browse Music
hide this ad
Today's Top Quizzes in Song
Browse Song
Top Contributed Quizzes in Music
1
Taylor Swift All Songs (2024)
2
Guess the Artist- 70s Songs
3
7-to-1: Billboard Hot 100 #1 Hits of 2010s
4
Sorting Albums and Songs
5
Taylor Swift Logic Puzzle
6
KPOP LOGIC QUIZ
7
One Thing in Common: Music
8
Guess the Taylor Swift song (Mystery Song)
9
2010s Album by Cover III
10
Guess The Taylor Swift Lyrics Song #1
Explore More
Trending Topics
Harry Potter
Crossword
Kpop
NBA
Marvel
Disney
Anime
NFL
Puzzle
Pokémon
WWE
Country
Song
The Office
Soccer
hide this ad
More By:
AshtonCinder
Quiz
Plays
Rating
Category
Featured
Created
Over A Year On The Charts-Audio Clips
6,180
4.64
Music
Mar 1, 2011
Movie by Song II (1970 - 2010) - Audio Clips
2,194
4.47
Movies
May 29, 2011
#1 Songs of 1985 - Audio Clips
1,128
4.68
Music
Jan 16, 2011
#1 Songs of 1987 - Audio Clips
924
4.77
Music
Jan 17, 2011
#1 Songs of 1982 - Audio Clips
755
4.88
Music
Jan 16, 2011
Go to Creator's Profile
Score Distribution
Quiz Creator Spotlight
AshtonCinder
Follow
Send a Message
Quizzes Created
-
Created Quiz Play Count
-
More By This Creator
Popular Quizzes Today
1
Find the US States - No Outlines Minefield
2
Find the Countries of Europe - No Outlines Minefield
3
The Countries of the World
4
Find the US States
5
Risky Map Clicking: Biggest States A-Z
6
US States
7
Popular People in 1961
8
Movies - When Are They Set?
More Music Quizzes
60's Pop Artists Crossword
Quiz Lab
Trending Quizzes
Risky Map Clicking: Least Populous States A-Z
1-10 Letter G Words
1-10 Letter F Words
Risky Map Clicking: Next State Alphabetically
Click the Washington State Counties! (Map)
Recently Updated
Leaping Animals
pecheneg
Reality TV Shows (A-Z)
bhenderson79
Rickey Henderson's Hall of Fame Teammates
pecheneg
Champions League XIs: Arsenal
pecheneg
Quick Pick: Celebrities in WWE's Hall of Fame
aduchscher
A-Z Keypad Blitz II
pecheneg
Multiple Oscar Actors
pecheneg
Mystery Phrase Blitz: Oscar 'Best Actors'
pecheneg
F. Scott Fitzgerald Novels
LTH
Pick 3 Villains
ddd62291
Trending Topics
Disney
NBA
Kpop
Crossword
Anime
Marvel
Harry Potter
Country
WWE
Song
Soccer
Puzzle
Pokémon
The Office
NFL
Your Account Isn't Verified!
In order to create a playlist on Sporcle, you need to verify the email address you used during registration. Go to your
Sporcle Settings
to finish the process.
Report this User
Report this user for behavior that violates our
Community Guidelines
.
Details:
Send Report
Go to the Sporcle.com Mobile Site →
Comments